| 000 | 00397cam a22001337a 4500 | ||
|---|---|---|---|
| 008 | 180718b1976 xxu||||| |||| 00| 0 eng d | ||
| 082 | _aAPPPA 75-76/NAR | ||
| 100 | _aNarasimhan, T.S. | ||
| 245 |
_aRe-settlement of ex-servicemen _cby T.S. Narasimhan |
||
| 260 |
_aNew Delhi _bIndian Institute of Public Administration _c1976 |
||
| 300 | _a80p. | ||
| 650 | _aEx-servicemen | ||
| 650 | _aRe-settlement | ||
| 999 |
_c501126 _d501126 |
||